000
00327 a2200157 4500
001
172210
020
_a
040
_c
Magnum
100
_a
Pachella, Paulo Roberto
240
1
0
_a
Por agua abaixo
_l
por
245
1
0
_a
Por agua abaixo
362
0
_a
1899
440
1
_a
Moderna
697
_a
I/AVENTURA, CRIANCAS
942
_c
BK
999
_c
172210
_d
172210